000 00570nam a2200229Ia 4500
003 OSt
005 20220924151814.0
006 a|||||r|||| 00| 0
007 ta
008 220923b |||||||| |||| 00| 0 tel d
024 _a339189
037 _cTextual
040 _aARTS
_cARTS
_btel
041 _2tel
_atel
082 _aO:g, 155K0
100 _aGaadlik Gangadhar
_9224999
245 0 _aKhadak aani pani
260 _c1960
650 _aENGLISH LITERATURE
942 _hO:g, 155K0
_cTEXL
_2CC
999 _c467723
_d467723